| 000 | 00968cam a22003133a 4500 | ||
|---|---|---|---|
| 001 | 1320 | ||
| 003 | PGUSA | ||
| 005 | 20140828082959.0 | ||
| 008 | 980501s1998||||xxu|||||s|||||000 | eng d | ||
| 040 |
_aPGUSA _beng |
||
| 042 | _adc | ||
| 050 | 4 | _aHV | |
| 100 | 1 |
_aGross, Hans, _d1847-1915 |
|
| 245 | 1 | 0 |
_aCriminal Psychology : _bA Manual for Judges, Practitioners, and Students _h[electronic resource] / _cHans Gross |
| 260 |
_bProject Gutenberg, _c1998 |
||
| 500 | _aTranslation of Kriminal-Psychologie | ||
| 506 | _aPublic domain in the USA. | ||
| 516 | _aElectronic text | ||
| 653 | _aCriminal psychology | ||
| 653 | _aCriminal anthropology | ||
| 653 | _aPsychology, Pathological | ||
| 653 | _aEvidence (Law) | ||
| 700 | 1 |
_aJastrow, Joseph, _d1863-1944 |
|
| 700 | 1 |
_aKallen, Horace Meyer, _d1882-1974 |
|
| 740 | 0 | _aKriminal-Psychologie. English | |
| 830 | 0 |
_aProject Gutenberg _v1320 |
|
| 856 | 4 | 0 | _uhttp://www.gutenberg.org/ebooks/1320 |
| 942 | _cEB | ||
| 999 |
_c230668 _d230668 |
||